Music: Nur Songs von DEPECHE MODE - Sudden Death - Statistiken

Allgemein
  • Dieses Quiz wurde 236 mal gespielt
    230 seit der letzten Aktualisierung
  • Das Durchschnittsergebnis liegt bei 9 aus 25
Answers on the Grid
Answers color-coded by a green-red scale on the quiz's grid according to % correct below.
Personal Jesus
Enjoy the Silence
Everything Counts
Never Let Me Down Again
Policy of Truth
Just Can‘t Get Enough
Stripped
People are People
Shake the Disease
Walking in My Shoes
It‘s No Good
Strangelove
Don‘t You Want Me
Behind the Wheel
World In My Eyes
Blasphemous Rumours
Master and Servant
Black Celebration
Precious
A Question of Time
A Question of Lust
Condemnation
I Feel You
Here Is the House
Dream On
Construction Time Again
Shout
It‘s a Sin
Psycho Killer
It‘s My Life
Don‘t You
Paradise
A Question of Trust
Win the Race
Sound of Silence
Follow Me Home
Spirit
Sunday Bloody Sunday
Beautiful Day
Walk This Way
Hang On
Human
 
Antwortstatistiken
Antwort % Korrekt
Enjoy the Silence
68%
Personal Jesus
68%
People are People
59%
Master and Servant
57%
Just Can‘t Get Enough
54%
Everything Counts
46%
Policy of Truth
42%
Never Let Me Down Again
41%
Shake the Disease
41%
Precious
39%
Walking in My Shoes
36%
A Question of Time
33%
World In My Eyes
33%
Behind the Wheel
32%
Stripped
32%
A Question of Lust
30%
Black Celebration
30%
It‘s No Good
30%
I Feel You
29%
Blasphemous Rumours
26%
Strangelove
25%
Condemnation
23%
Dream On
20%
Here Is the House
17%
Construction Time Again
14%
Keine übereinstimmenden Quizze gefunden
Verteilung der Resultate
Anzahl Personen mit jedem Resultat
Perzentil nach korrekt beantworteten Fragen
Ihre Resultats-Entwicklung
Sie haben dieses Quiz seit der letzten Aktualisierung nicht gespielt